000 00298nam a22001337a 4500
008 181207b xxu||||| |||| 00| 0 eng d
020 _a9781609136482
041 _aeng
080 _a610.073
100 _a3
101 _ashm
245 _aMedical Surgical Nursing
_cWilliams.w
942 _2udc
_cBK
999 _c53083
_d53083